| 000 | 00863nam a2200229Ii 4500 | ||
|---|---|---|---|
| 003 | JO-AjNU | ||
| 008 | 230605s9999||||xx |||||||||||||| ||und|| | ||
| 017 | _a2013/12/4295 | ||
| 020 | _a978-9957-16-857-5 | ||
| 040 |
_aJO-AjNU _bara _erda _cJO-AjNU |
||
| 041 | _aara | ||
| 050 | 1 | 4 | _aK891.2014 |
| 100 | 3 |
_a إبداح ، محمد ابراهيم , _eauthor _950685 |
|
| 245 | 0 | 0 | _aعقود المقالات الدولية : الأسس القانونية والفنية لصياغة عقود المقاولات الدولية ضمن معايير عقود الفيديك FIDIC |
| 250 | _aط1 | ||
| 264 | 3 | 1 | _aعمان : دار الثقافة ، 2014 |
| 300 | _a288ص | ||
| 336 |
_atext _btxt _2rdacontent |
||
| 337 |
_aunmediated _bn _2rdamedia |
||
| 338 |
_avolume _bnc _2rdacarrier |
||
| 650 | 4 |
_aالمقاولات -- العقود -- القانون _950686 |
|
| 999 |
_aA22342 _c25910 _d25910 |
||